Física elemental /

Guardado en:
Autor Principal: Maiztegui, Alberto P
Formato: Libro
Publicado: Buenos Aires : Kapelusz, 1953
Materias:
Etiquetas: Agregar Etiqueta
Sin Etiquetas, Sea el primero en etiquetar este registro!
LEADER 00414nam a22001575a 4500
001 CEM.cems004080
005 20060216000000.0
008 130507s1953##################000#0#####d
003 CEMS
082 0 4 |a 530 
100 1 |a Maiztegui, Alberto P 
245 1 0 |a Física elemental / 
260 |a Buenos Aires :  |b Kapelusz,  |c 1953 
300 |a 189 p. 
653 |a Física 
859 |a CEMS  |b BIB. CEMS - 11 de abril  |h 530  |i M287-1  |p 3585.75  |t Ej.1